[Event "DVM U20w 2023"]
[Site "Magdeburg GER"]
[Date "2023.12.30"]
[Round "7"]
[White "Frowein, Jamie"]
[Black "Thiele, Lea-Marie"]
[Result "1-0"]
[Termination "normal"]
[Board "6.3"]
[WhiteElo "1430"]
[BlackElo "1337"]
[WhiteClock "00:23:33"]
[BlackClock "00:23:51"]
[WhiteTeam "SC Garching 1980"]
[BlackTeam "SK Lehrte 1919"]
[PlyCount "85"]
[WhiteFideId "16282949"]
[BlackFideId "16298616"]
[EventCountry "GER"]
[EventRounds "7"]
[EventType "team-swiss"]
[EventDate "2023.12.26"]

1. c4 {[%clk 01:30:57]} {[%emt 00:00:02]} e6 {[%clk 01:30:44]} {[%emt
00:00:17]} 2. Nf3 {[%clk 01:31:19]} {[%emt 00:00:07]} d5 {[%clk 01:31:04]}
{[%emt 00:00:10]} 3. e3 {[%clk 01:31:43]} {[%emt 00:00:06]} c6 {[%clk
01:31:13]} {[%emt 00:00:21]} 4. Nc3 {[%clk 01:31:19]} {[%emt 00:00:53]} Bd6
{[%clk 01:30:52]} {[%emt 00:00:51]} 5. b3 {[%clk 01:31:28]} {[%emt 00:00:22]}
Nf6 {[%clk 01:29:58]} {[%emt 00:01:25]} 6. Bb2 {[%clk 01:31:21]} {[%emt
00:00:37]} Nbd7 {[%clk 01:29:20]} {[%emt 00:01:08]} 7. Be2 {[%clk 01:31:09]}
{[%emt 00:00:42]} O-O {[%clk 01:25:39]} {[%emt 00:04:11]} 8. O-O {[%clk
01:31:18]} {[%emt 00:00:21]} e5 {[%clk 01:25:12]} {[%emt 00:00:57]} 9. d3
{[%clk 01:26:21]} {[%emt 00:05:28]} Qe7 {[%clk 01:24:05]} {[%emt 00:01:36]} 10.
cxd5 {[%clk 01:24:02]} {[%emt 00:02:50]} Nxd5 {[%clk 01:22:23]} {[%emt
00:02:13]} 11. Ne4 {[%clk 01:22:09]} {[%emt 00:02:22]} Bc7 {[%clk 01:20:58]}
{[%emt 00:01:56]} 12. Qc2 {[%clk 01:17:37]} {[%emt 00:05:02]} f5 {[%clk
01:06:55]} {[%emt 00:14:31]} 13. Ned2 {[%clk 01:13:02]} {[%emt 00:05:06]} Rf6
{[%clk 00:55:24]} {[%emt 00:12:02]} 14. e4 {[%clk 01:06:16]} {[%emt 00:07:15]}
Nf4 {[%clk 00:55:31]} {[%emt 00:00:23]} 15. Qc4+ {[%clk 01:01:55]} {[%emt
00:04:51]} Kh8 {[%clk 00:54:03]} 16. Rfe1 {[%clk 00:59:51]} {[%emt 00:04:32]}
Nb6 {[%clk 00:53:20]} 17. Qc3 {[%clk 00:56:23]} {[%emt 00:05:12]} Nd7 {[%clk
00:49:07]} 18. exf5 {[%clk 00:49:47]} {[%emt 00:11:49]} Rxf5 {[%clk 00:46:52]}
19. d4 {[%clk 00:47:13]} {[%emt 00:05:49]} Qf6 {[%clk 00:32:39]} 20. Ne4 {[%clk
00:42:00]} {[%emt 00:20:26]} Qg6 {[%clk 00:29:58]} 21. Nh4 {[%clk 00:35:43]}
{[%emt 00:09:58]} Nxe2+ {[%clk 00:27:21]} 22. Rxe2 {[%clk 00:35:57]} {[%emt
00:03:23]} Qg4 {[%clk 00:27:35]} 23. Ng3 {[%clk 00:35:29]} {[%emt 00:01:13]}
Rf4 {[%clk 00:22:57]} 24. Nhf5 {[%clk 00:23:42]} {[%emt 00:17:25]} Rxf5 {[%clk
00:15:57]} 25. Nxf5 {[%clk 00:22:36]} {[%emt 00:09:06]} Qxe2 {[%clk 00:13:24]}
26. Re1 {[%clk 00:14:02]} {[%emt 00:12:06]} Qg4 {[%clk 00:12:15]} 27. Ng3
{[%clk 00:13:39]} {[%emt 00:02:32]} Nf6 {[%clk 00:11:29]} 28. dxe5 {[%clk
00:12:56]} {[%emt 00:02:29]} Nd5 {[%clk 00:10:59]} 29. Qc5 {[%clk 00:11:31]}
{[%emt 00:02:55]} Be6 {[%clk 00:10:30]} 30. h3 {[%clk 00:09:43]} {[%emt
00:03:18]} Qb4 {[%clk 00:10:32]} 31. Qc1 {[%clk 00:09:02]} {[%emt 00:01:37]}
Rf8 {[%clk 00:10:09]} 32. Ba3 {[%clk 00:08:26]} {[%emt 00:02:01]} Qf4 {[%clk
00:10:08]} 33. Bxf8 {[%clk 00:08:05]} {[%emt 00:01:20]} Qxf8 {[%clk 00:10:33]}
34. Qg5 {[%clk 00:06:52]} {[%emt 00:01:49]} Nf4 {[%clk 00:09:54]} 35. Re4
{[%clk 00:06:00]} {[%emt 00:02:32]} Nd5 {[%clk 00:08:41]} 36. Re2 {[%clk
00:03:37]} {[%emt 00:04:36]} Bb6 {[%clk 00:07:20]} 37. Ne4 {[%clk 00:03:40]}
{[%emt 00:02:17]} Nf4 {[%clk 00:05:53]} 38. Rd2 {[%clk 00:03:28]} {[%emt
00:02:39]} Bxh3 {[%clk 00:05:38]} 39. g3 {[%clk 00:01:21]} {[%emt 00:03:21]}
Bg2 {[%clk 00:02:48]} 40. gxf4 {[%clk 00:00:39]} {[%emt 00:04:32]} Bxe4 {[%clk
00:03:09]} 41. Rd7 {[%clk 00:00:41]} {[%emt 00:00:37]} c5 {[%clk 00:00:39]} 42.
e6 {[%clk 00:26:18]} {[%emt 00:07:54]} Bc6 {[%clk 00:23:51]} 43. e7 {[%clk
00:23:33]} {[%emt 00:10:33]} 1-0

[Event "DVM U20w 2023"]
[Site "Magdeburg GER"]
[Date "2023.12.30"]
[Round "7"]
[White "Daoud, Shahnaz"]
[Black "Muhina, Liana"]
[Result "1/2-1/2"]
[Termination "normal"]
[Board "6.4"]
[WhiteElo "1346"]
[BlackElo "1192"]
[WhiteClock "00:07:47"]
[BlackClock "00:14:39"]
[WhiteTeam "SK Lehrte 1919"]
[BlackTeam "SC Garching 1980"]
[PlyCount "52"]
[WhiteFideId "16297750"]
[BlackFideId "16266145"]
[EventCountry "GER"]
[EventRounds "7"]
[EventType "team-swiss"]
[EventDate "2023.12.26"]

1. d4 {[%clk 01:30:58]} {[%emt 00:00:02]} d5 {[%clk 01:30:54]} {[%emt
00:00:06]} 2. Nf3 {[%clk 01:31:23]} {[%emt 00:00:05]} Nf6 {[%clk 01:30:55]}
{[%emt 00:00:29]} 3. c3 {[%clk 01:31:48]} {[%emt 00:00:05]} Bg4 {[%clk
01:29:23]} {[%emt 00:02:02]} 4. Ne5 {[%clk 01:32:10]} {[%emt 00:00:07]} Nbd7
{[%clk 01:27:40]} {[%emt 00:02:13]} 5. Nxg4 {[%clk 01:28:36]} {[%emt 00:04:04]}
Nxg4 {[%clk 01:28:00]} {[%emt 00:00:11]} 6. Qb3 {[%clk 01:26:05]} {[%emt
00:03:01]} Nb6 {[%clk 01:25:29]} {[%emt 00:03:02]} 7. Bf4 {[%clk 01:23:31]}
{[%emt 00:03:03]} e6 {[%clk 01:19:58]} {[%emt 00:06:00]} 8. Qb5+ {[%clk
01:04:12]} {[%emt 00:19:49]} c6 {[%clk 01:16:15]} {[%emt 00:04:14]} 9. Qd3
{[%clk 01:04:17]} {[%emt 00:00:23]} Bd6 {[%clk 01:12:24]} {[%emt 00:04:24]} 10.
Qg3 {[%clk 00:57:27]} {[%emt 00:07:20]} Bxf4 {[%clk 01:10:00]} {[%emt
00:02:54]} 11. Qxg4 {[%clk 00:56:39]} {[%emt 00:01:18]} Qg5 {[%clk 01:02:03]}
{[%emt 00:08:27]} 12. Qxg5 {[%clk 00:56:09]} {[%emt 00:00:59]} Bxg5 {[%clk
01:02:28]} {[%emt 00:00:06]} 13. e3 {[%clk 00:55:35]} {[%emt 00:01:05]} O-O
{[%clk 01:01:55]} {[%emt 00:01:02]} 14. Bd3 {[%clk 00:54:48]} {[%emt 00:01:16]}
Rac8 {[%clk 00:59:12]} {[%emt 00:03:15]} 15. O-O {[%clk 00:48:39]} {[%emt
00:06:37]} c5 {[%clk 00:57:50]} {[%emt 00:01:53]} 16. Nd2 {[%clk 00:47:02]}
{[%emt 00:02:06]} c4 {[%clk 00:55:25]} {[%emt 00:02:56]} 17. Bc2 {[%clk
00:42:28]} {[%emt 00:05:03]} a6 {[%clk 00:51:23]} {[%emt 00:04:34]} 18. Rfc1
{[%clk 00:33:49]} {[%emt 00:09:08]} Rc7 {[%clk 00:46:33]} {[%emt 00:05:20]} 19.
Bd1 {[%clk 00:28:55]} {[%emt 00:05:24]} Nd7 {[%clk 00:43:56]} {[%emt 00:03:07]}
20. b3 {[%clk 00:23:16]} {[%emt 00:06:07]} b5 {[%clk 00:29:54]} {[%emt
00:14:34]} 21. b4 {[%clk 00:20:32]} {[%emt 00:03:14]} Nb6 {[%clk 00:29:39]}
{[%emt 00:00:44]} 22. a4 {[%clk 00:20:04]} {[%emt 00:00:58]} bxa4 {[%clk
00:22:13]} {[%emt 00:07:55]} 23. Bxa4 {[%clk 00:19:48]} {[%emt 00:00:47]} Ra8
{[%clk 00:22:12]} {[%emt 00:00:31]} 24. Bd1 {[%clk 00:17:09]} {[%emt 00:03:09]}
Rca7 {[%clk 00:21:38]} {[%emt 00:01:03]} 25. Rcb1 {[%clk 00:13:40]} {[%emt
00:03:59]} Nd7 {[%clk 00:18:53]} {[%emt 00:03:17]} 26. Ra4 {[%clk 00:07:47]}
{[%emt 00:06:21]} a5 {[%clk 00:14:39]} {[%emt 00:04:46]} 1/2-1/2

[Event "DVM U20w 2023"]
[Site "Magdeburg GER"]
[Date "2023.12.30"]
[Round "7"]
[White "Falke, Ornella"]
[Black "Ulrich, Helena Irene"]
[Result "1-0"]
[Termination "normal"]
[Board "7.1"]
[WhiteTitle "WCM"]
[WhiteElo "1969"]
[BlackElo "1779"]
[WhiteClock "00:34:54"]
[BlackClock "00:04:26"]
[WhiteTeam "Elmshorner SC 1896"]
[BlackTeam "SK Münster 32"]
[PlyCount "83"]
[WhiteFideId "16207092"]
[BlackFideId "16256000"]
[EventCountry "GER"]
[EventRounds "7"]
[EventType "team-swiss"]
[EventDate "2023.12.26"]

1. e4 {[%clk 01:30:57]} {[%emt 00:00:04]} c5 {[%clk 01:30:57]} {[%emt
00:00:03]} 2. Nf3 {[%clk 01:31:18]} {[%emt 00:00:07]} Nc6 {[%clk 01:31:24]}
{[%emt 00:00:04]} 3. d4 {[%clk 01:30:38]} {[%emt 00:01:09]} cxd4 {[%clk
01:31:50]} {[%emt 00:00:05]} 4. Nxd4 {[%clk 01:31:04]} {[%emt 00:00:04]} Nf6
{[%clk 01:32:18]} {[%emt 00:00:04]} 5. Nc3 {[%clk 01:31:29]} {[%emt 00:00:04]}
e5 {[%clk 01:32:46]} {[%emt 00:00:02]} 6. Ndb5 {[%clk 01:31:54]} {[%emt
00:00:05]} d6 {[%clk 01:33:12]} {[%emt 00:00:04]} 7. Bg5 {[%clk 01:32:18]}
{[%emt 00:00:06]} a6 {[%clk 01:33:35]} {[%emt 00:00:07]} 8. Na3 {[%clk
01:32:44]} {[%emt 00:00:04]} b5 {[%clk 01:34:00]} {[%emt 00:00:06]} 9. Nd5
{[%clk 01:33:08]} {[%emt 00:00:05]} Be7 {[%clk 01:34:27]} {[%emt 00:00:04]} 10.
Bxf6 {[%clk 01:33:29]} {[%emt 00:00:08]} Bxf6 {[%clk 01:34:54]} {[%emt
00:00:03]} 11. c4 {[%clk 01:32:57]} {[%emt 00:01:02]} b4 {[%clk 01:34:13]}
{[%emt 00:01:12]} 12. Nc2 {[%clk 01:30:15]} {[%emt 00:03:11]} a5 {[%clk
01:34:32]} {[%emt 00:00:12]} 13. Be2 {[%clk 01:29:48]} {[%emt 00:00:56]} O-O
{[%clk 01:33:54]} {[%emt 00:01:08]} 14. Qd3 {[%clk 01:27:58]} {[%emt 00:02:20]}
Bg5 {[%clk 01:25:57]} {[%emt 00:08:28]} 15. O-O {[%clk 01:23:47]} {[%emt
00:04:40]} Ne7 {[%clk 01:22:57]} {[%emt 00:03:30]} 16. Rfd1 {[%clk 01:19:33]}
{[%emt 00:04:44]} Bb7 {[%clk 01:19:31]} {[%emt 00:03:58]} 17. Nxe7+ {[%clk
01:06:04]} {[%emt 00:08:49]} Qxe7 18. Bg4 {[%emt 00:12:31]} Rfd8 {[%emt
00:09:10]} 19. b3 {[%clk 01:03:05]} {[%emt 00:06:22]} g6 20. a3 {[%emt
00:10:32]} h5 {[%clk 00:50:18]} {[%emt 00:02:17]} 21. Bf3 {[%emt 00:02:47]}
bxa3 {[%clk 00:47:48]} {[%emt 00:02:52]} 22. Rxa3 {[%emt 00:03:02]} Qc7 {[%emt
00:01:00]} 23. Rda1 {[%clk 01:00:29]} {[%emt 00:00:06]} Be7 {[%clk 00:37:37]}
{[%emt 00:08:29]} 24. R3a2 {[%emt 00:06:02]} Bg5 {[%clk 00:35:02]} {[%emt
00:00:21]} 25. Qc3 {[%emt 00:09:32]} d5 {[%clk 00:26:56]} {[%emt 00:00:09]} 26.
exd5 {[%clk 00:54:52]} {[%emt 00:02:45]} Bxd5 {[%clk 00:25:51]} {[%emt
00:01:35]} 27. Bxd5 {[%clk 00:54:15]} {[%emt 00:01:07]} Rxd5 {[%clk 00:26:15]}
{[%emt 00:00:06]} 28. Qf3 {[%clk 00:52:23]} {[%emt 00:02:22]} Rdd8 {[%clk
00:26:21]} {[%emt 00:00:24]} 29. Nb4 {[%clk 00:51:49]} {[%emt 00:01:04]} Qd6
{[%clk 00:20:12]} {[%emt 00:06:39]} 30. Nc6 {[%clk 00:44:55]} {[%emt 00:07:24]}
e4 {[%clk 00:13:12]} {[%emt 00:07:30]} 31. Qxe4 {[%clk 00:44:24]} {[%emt
00:01:01]} Re8 {[%clk 00:09:13]} {[%emt 00:04:28]} 32. Qd5 {[%clk 00:41:12]}
{[%emt 00:03:42]} Qe6 {[%clk 00:07:23]} {[%emt 00:02:21]} 33. Qxe6 {[%clk
00:40:59]} {[%emt 00:00:43]} Rxe6 {[%clk 00:07:49]} {[%emt 00:00:02]} 34. Rxa5
{[%clk 00:35:21]} {[%emt 00:06:08]} Rxa5 {[%clk 00:07:22]} {[%emt 00:00:58]}
35. Nxa5 {[%clk 00:35:40]} {[%emt 00:00:11]} Ra6 {[%clk 00:07:06]} {[%emt
00:00:46]} 36. b4 {[%clk 00:36:00]} {[%emt 00:00:11]} Bd8 {[%clk 00:05:03]}
{[%emt 00:02:31]} 37. Kf1 {[%clk 00:34:31]} {[%emt 00:01:58]} Rb6 {[%clk
00:04:07]} {[%emt 00:01:28]} 38. b5 {[%clk 00:34:19]} {[%emt 00:00:41]} Be7
{[%clk 00:04:03]} {[%emt 00:00:35]} 39. Nc6 {[%clk 00:34:22]} {[%emt 00:00:26]}
Bc5 {[%clk 00:04:18]} {[%emt 00:00:14]} 40. Ke2 {[%clk 00:34:36]} {[%emt
00:00:16]} Kf8 {[%clk 00:04:00]} {[%emt 00:00:49]} 41. Ra8+ {[%clk 00:34:57]}
{[%emt 00:00:09]} Kg7 {[%clk 00:04:26]} {[%emt 00:00:04]} 42. Rb8 {[%clk
00:34:54]} {[%emt 00:00:34]} 1-0

[Event "DVM U20w 2023"]
[Site "Magdeburg GER"]
[Date "2023.12.30"]
[Round "7"]
[White "Clauß, Annika"]
[Black "Margaryan, Susanna"]
[Result "1/2-1/2"]
[Termination "normal"]
[Board "7.2"]
[WhiteElo "1556"]
[BlackElo "1464"]
[WhiteClock "00:50:25"]
[BlackClock "01:09:47"]
[WhiteTeam "SK Münster 32"]
[BlackTeam "Elmshorner SC 1896"]
[PlyCount "42"]
[WhiteFideId "16261380"]
[BlackFideId "16268210"]
[EventCountry "GER"]
[EventRounds "7"]
[EventType "team-swiss"]
[EventDate "2023.12.26"]

1. e4 {[%clk 01:30:57]} {[%emt 00:00:03]} c5 {[%clk 01:30:11]} {[%emt
00:00:50]} 2. Nf3 {[%clk 01:31:11]} {[%emt 00:00:14]} Nc6 {[%clk 01:29:38]}
{[%emt 00:01:04]} 3. d4 {[%clk 01:31:15]} {[%emt 00:00:25]} cxd4 {[%clk
01:29:18]} {[%emt 00:00:51]} 4. Nxd4 {[%clk 01:30:02]} {[%emt 00:01:43]} e6
{[%clk 01:23:33]} {[%emt 00:06:14]} 5. Nc3 {[%clk 01:27:34]} {[%emt 00:02:58]}
a6 {[%clk 01:23:54]} {[%emt 00:00:11]} 6. Be3 {[%clk 01:26:47]} {[%emt
00:01:16]} Qc7 {[%clk 01:22:33]} {[%emt 00:01:51]} 7. Nxc6 {[%clk 01:23:22]}
{[%emt 00:03:56]} bxc6 {[%clk 01:22:53]} {[%emt 00:00:09]} 8. Qf3 {[%clk
01:22:33]} {[%emt 00:01:18]} d5 {[%clk 01:22:45]} {[%emt 00:00:38]} 9. Qg3
{[%clk 01:20:53]} {[%emt 00:02:10]} Qxg3 {[%clk 01:17:17]} {[%emt 00:05:59]}
10. hxg3 {[%clk 01:20:41]} {[%emt 00:00:41]} Bb4 {[%clk 01:17:32]} {[%emt
00:00:16]} 11. Bd3 {[%clk 01:18:24]} {[%emt 00:02:46]} Nf6 {[%clk 01:17:41]}
{[%emt 00:00:22]} 12. exd5 {[%clk 01:14:07]} {[%emt 00:04:47]} cxd5 {[%clk
01:15:07]} {[%emt 00:03:05]} 13. Bd4 {[%clk 01:12:37]} {[%emt 00:01:58]} Bd7
{[%clk 01:15:06]} {[%emt 00:00:33]} 14. a3 {[%clk 01:12:18]} {[%emt 00:00:49]}
Bd6 {[%clk 01:15:21]} {[%emt 00:00:15]} 15. f4 {[%clk 01:08:02]} {[%emt
00:04:45]} h5 {[%clk 01:12:04]} {[%emt 00:03:48]} 16. Be2 {[%clk 01:01:26]}
{[%emt 00:07:06]} h4 {[%clk 01:12:08]} {[%emt 00:00:26]} 17. Be5 {[%clk
00:59:48]} {[%emt 00:02:07]} Ke7 {[%clk 01:09:20]} {[%emt 00:03:19]} 18. Bxd6+
{[%clk 00:55:22]} {[%emt 00:04:57]} Kxd6 {[%clk 01:09:38]} {[%emt 00:00:11]}
19. gxh4 {[%clk 00:55:09]} {[%emt 00:00:43]} Rh6 {[%clk 01:09:54]} {[%emt
00:00:15]} 20. O-O-O {[%clk 00:52:36]} {[%emt 00:03:02]} Rah8 {[%clk 01:10:03]}
{[%emt 00:00:20]} 21. g3 {[%clk 00:50:25]} {[%emt 00:02:42]} Bc6 {[%clk
01:09:47]} {[%emt 00:00:47]} 1/2-1/2

[Event "DVM U20w 2023"]
[Site "Magdeburg GER"]
[Date "2023.12.30"]
[Round "7"]
[White "Neitzel, Emma"]
[Black "Jeschke, Melissa"]
[Result "1/2-1/2"]
[Termination "normal"]
[Board "7.3"]
[WhiteElo "1118"]
[BlackElo "1060"]
[WhiteClock "00:21:51"]
[BlackClock "01:34:53"]
[WhiteTeam "Elmshorner SC 1896"]
[BlackTeam "SK Münster 32"]
[PlyCount "129"]
[WhiteFideId "16298373"]
[BlackFideId "34663185"]
[EventCountry "GER"]
[EventRounds "7"]
[EventType "team-swiss"]
[EventDate "2023.12.26"]

1. d4 {[%clk 01:30:57]} {[%emt 00:00:03]} f5 {[%clk 01:30:59]} {[%emt
00:00:01]} 2. c4 {[%clk 01:31:00]} {[%emt 00:00:26]} e6 {[%clk 01:31:28]}
{[%emt 00:00:02]} 3. Nc3 {[%clk 01:30:24]} {[%emt 00:01:04]} Nf6 {[%clk
01:31:49]} {[%emt 00:00:10]} 4. Nf3 {[%clk 01:29:51]} {[%emt 00:01:03]} Bb4
{[%clk 01:32:17]} {[%emt 00:00:02]} 5. Bd2 {[%clk 01:28:28]} {[%emt 00:01:53]}
O-O {[%clk 01:32:15]} {[%emt 00:00:32]} 6. a3 {[%clk 01:24:58]} {[%emt
00:04:00]} Be7 {[%clk 01:31:05]} {[%emt 00:01:40]} 7. Qc2 {[%clk 01:20:26]}
{[%emt 00:05:02]} b6 {[%clk 01:28:26]} {[%emt 00:03:12]} 8. e4 {[%clk
01:12:55]} {[%emt 00:07:59]} fxe4 {[%clk 01:28:26]} {[%emt 00:00:30]} 9. Nxe4
{[%clk 01:13:03]} {[%emt 00:00:22]} Bb7 {[%clk 01:28:21]} {[%emt 00:00:36]} 10.
Nfg5 {[%clk 01:06:40]} {[%emt 00:06:52]} Nxe4 {[%clk 01:22:07]} {[%emt
00:06:44]} 11. Nxe4 {[%clk 01:06:53]} {[%emt 00:00:16]} Nc6 {[%clk 01:22:19]}
{[%emt 00:00:20]} 12. Bc3 {[%clk 01:02:43]} {[%emt 00:04:37]} d5 {[%clk
01:19:49]} {[%emt 00:03:02]} 13. cxd5 {[%clk 00:57:18]} {[%emt 00:05:54]} exd5
{[%clk 01:20:17]} {[%emt 00:00:04]} 14. Ng3 {[%clk 00:54:20]} {[%emt 00:03:27]}
Bg5 {[%clk 01:15:06]} {[%emt 00:05:40]} 15. Bd3 {[%clk 00:45:12]} {[%emt
00:09:38]} Qe7+ {[%clk 01:12:36]} {[%emt 00:03:02]} 16. Qe2 {[%clk 00:42:49]}
{[%emt 00:02:52]} Qf7 {[%clk 01:08:48]} {[%emt 00:04:20]} 17. O-O {[%clk
00:41:21]} {[%emt 00:01:57]} Rae8 {[%clk 01:08:59]} {[%emt 00:00:19]} 18. Qc2
{[%clk 00:39:56]} {[%emt 00:01:55]} g6 {[%clk 01:08:43]} {[%emt 00:00:46]} 19.
b4 {[%clk 00:32:07]} {[%emt 00:08:18]} Bf6 {[%clk 01:08:15]} {[%emt 00:00:59]}
20. Bb5 {[%clk 00:26:42]} {[%emt 00:05:54]} a6 {[%clk 01:08:17]} {[%emt
00:00:29]} 21. Bxc6 {[%clk 00:26:13]} {[%emt 00:00:59]} Bxc6 {[%clk 01:08:45]}
{[%emt 00:00:03]} 22. Rad1 {[%clk 00:25:29]} {[%emt 00:01:11]} Re6 {[%clk
01:04:53]} {[%emt 00:04:24]} 23. Rfe1 {[%clk 00:21:07]} {[%emt 00:04:52]} Rxe1+
{[%clk 01:02:54]} {[%emt 00:02:29]} 24. Rxe1 {[%clk 00:21:33]} {[%emt
00:00:04]} Re8 {[%clk 01:03:15]} {[%emt 00:00:09]} 25. Rxe8+ {[%clk 00:20:20]}
{[%emt 00:01:43]} Qxe8 {[%clk 01:03:39]} {[%emt 00:00:06]} 26. Qe2 {[%clk
00:20:05]} {[%emt 00:00:46]} Qxe2 {[%clk 01:03:03]} {[%emt 00:01:06]} 27. Nxe2
{[%clk 00:20:31]} {[%emt 00:00:02]} Bb5 {[%clk 01:03:07]} {[%emt 00:00:28]} 28.
Nf4 {[%clk 00:19:35]} {[%emt 00:01:25]} c6 {[%clk 01:03:34]} {[%emt 00:00:03]}
29. Ne6 {[%clk 00:18:15]} {[%emt 00:01:50]} Kf7 {[%clk 01:03:31]} {[%emt
00:00:34]} 30. Nc7 {[%clk 00:15:43]} {[%emt 00:03:01]} Bc4 {[%clk 01:03:08]}
{[%emt 00:00:54]} 31. a4 {[%clk 00:14:38]} {[%emt 00:01:35]} Bd8 {[%clk
01:03:18]} {[%emt 00:00:20]} 32. Na8 {[%clk 00:14:50]} {[%emt 00:00:18]} Ke7
{[%clk 01:03:33]} {[%emt 00:00:15]} 33. a5 {[%clk 00:13:54]} {[%emt 00:01:26]}
b5 {[%clk 01:03:02]} {[%emt 00:01:01]} 34. Nb6 {[%clk 00:13:19]} {[%emt
00:01:05]} Bxb6 {[%clk 01:03:30]} {[%emt 00:00:04]} 35. axb6 {[%clk 00:13:22]}
{[%emt 00:00:25]} Kd7 {[%clk 01:03:56]} {[%emt 00:00:05]} 36. Bd2 {[%clk
00:12:31]} {[%emt 00:01:22]} Kc8 {[%clk 01:03:22]} {[%emt 00:01:03]} 37. Bf4
{[%emt 00:00:41]} Kb7 {[%emt 00:00:01]} 38. Bc7 {[%clk 00:10:39]} {[%emt
00:01:39]} a5 {[%clk 01:03:45]} {[%emt 00:00:08]} 39. bxa5 {[%clk 00:09:59]}
{[%emt 00:01:10]} b4 {[%clk 01:04:13]} {[%emt 00:00:02]} 40. Bd6 {[%clk
00:09:11]} {[%emt 00:01:18]} b3 {[%clk 01:04:28]} {[%emt 00:00:14]} 41. Ba3
{[%clk 00:08:55]} {[%emt 00:00:45]} c5 {[%clk 01:04:40]} {[%emt 00:00:19]} 42.
Bb2 {[%clk 00:08:53]} {[%emt 00:00:32]} cxd4 {[%clk 01:04:42]} {[%emt
00:00:28]} 43. Bxd4 {[%clk 00:09:20]} {[%emt 00:00:03]} Ba6 {[%clk 01:04:49]}
{[%emt 00:00:23]} 44. f4 {[%clk 00:08:53]} {[%emt 00:00:57]} Kc6 {[%clk
01:05:02]} {[%emt 00:00:17]} 45. g4 {[%clk 00:06:58]} {[%emt 00:02:25]} Kb5
{[%clk 01:05:01]} {[%emt 00:00:31]} 46. f5 {[%clk 00:06:17]} {[%emt 00:01:10]}
gxf5 {[%clk 01:02:16]} {[%emt 00:03:15]} 47. gxf5 {[%clk 00:06:39]} {[%emt
00:00:08]} Kc4 {[%clk 01:02:26]} {[%emt 00:00:19]} 48. f6 {[%clk 00:06:15]}
{[%emt 00:00:54]} Kxd4 {[%clk 01:02:51]} {[%emt 00:00:05]} 49. f7 {[%clk
00:06:30]} {[%emt 00:00:16]} b2 {[%clk 01:03:20]} {[%emt 00:00:01]} 50. f8=Q
{[%clk 00:05:19]} {[%emt 00:01:40]} b1=Q+ {[%clk 01:03:46]} {[%emt 00:00:05]}
51. Kg2 {[%clk 00:05:24]} {[%emt 00:00:25]} Qa2+ {[%clk 01:01:56]} {[%emt
00:02:20]} 52. Kg3 {[%clk 00:05:40]} {[%emt 00:00:14]} Qxa5 {[%clk 01:02:20]}
{[%emt 00:00:07]} 53. Qf2+ {[%clk 00:05:18]} {[%emt 00:00:52]} Kc4 {[%clk
01:02:37]} {[%emt 00:00:14]} 54. Qc2+ {[%clk 00:04:31]} {[%emt 00:01:16]} Kb5
{[%clk 01:02:35]} {[%emt 00:00:34]} 55. Qb3+ {[%clk 00:02:47]} {[%emt
00:02:12]} Qb4 {[%clk 01:03:02]} {[%emt 00:00:04]} 56. Qxd5+ {[%clk 00:02:08]}
{[%emt 00:01:09]} Kxb6 {[%clk 01:03:31]} {[%emt 00:00:02]} 57. Qe6+ {[%clk
00:02:02]} {[%emt 00:00:35]} Ka7 {[%clk 01:03:34]} {[%emt 00:00:25]} 58. Qf7+
{[%clk 00:01:23]} {[%emt 00:01:10]} Qb7 {[%clk 01:04:02]} {[%emt 00:00:03]} 59.
Qf2+ {[%clk 00:30:25]} {[%emt 00:01:29]} Kb8 {[%clk 01:34:26]} {[%emt
00:00:06]} 60. Qf8+ {[%clk 00:28:43]} {[%emt 00:02:12]} Kc7 {[%clk 01:33:41]}
{[%emt 00:01:15]} 61. Qf4+ {[%clk 00:26:05]} {[%emt 00:03:07]} Kd8 {[%clk
01:33:49]} {[%emt 00:00:22]} 62. Qf8+ {[%clk 00:23:38]} {[%emt 00:02:56]} Kd7
{[%clk 01:34:14]} {[%emt 00:00:07]} 63. Qg7+ {[%clk 00:22:51]} {[%emt
00:01:16]} Ke8 {[%clk 01:34:40]} {[%emt 00:00:05]} 64. Qg8+ {[%clk 00:21:51]}
{[%emt 00:01:29]} Kd7 {[%clk 01:34:53]} {[%emt 00:00:18]} 65. Qxh7+ {[%emt
00:01:21]} 1/2-1/2